[Event "Schweinfurt op 23rd"]
[Site "Schweinfurt"]
[Date "2013.06.01"]
[Round "4"]
[White "Gerhard, Philipp"]
[Black "Christ, Andreas"]
[Result "0-1"]
[WhiteElo "841"]
[BlackElo "1397"]
[PlyCount "44"]
[EventDate "2013.05.30"]
[EventType "swiss"]
[EventRounds "7"]
[EventCountry "GER"]
[SourceTitle "CBM 154 Extra"]
[Source "ChessBase"]
[SourceDate "2013.06.25"]
[SourceVersion "2"]
[SourceVersionDate "2013.06.25"]
[SourceQuality "1"]

1. e4 e5 2. Nf3 d6 3. Bc4 Bg4 4. Nc3 a6 5. d3 Nc6 6. h3 Bh5 7. g4 Bg6 8. Be3 Be7 9. Qd2 Qd7 10. Nd5 0-0-0 11. Nxe7+ Qxe7 12. 0-0 f6 13. g5 Bf7 14. Bxf7 Qxf7 15. gxf6 gxf6 16. Rfd1 Qh5 17. Kg2 Nge7 18. Rh1 Rhg8+ 19. Kf1 Qxf3 20. Rh2 Rg6 21. Qe2 Rg1+ 22. Kxg1 Qxe2 0-1